000 00503nam a2200181Ia 4500
005 20250508162325.0
008 008 250505s9999 xx 000 0 eng d
037 _aTextual
040 _aFEDL
_beng
_cFEDL
041 _aeng
_2eng
084 _a954.02, OJH
_qFEDL
100 _aOjha P N
245 0 _aGlimpses of social life in Mughal India
260 _aNew Delhi, India
_bClassical Publications
_c1979
300 _a80p.
942 _cTEXL
_h954.02, OJH
999 _c1375836
_d1375836